ბათუმის შოთა რუსთაველის სახელმწიფო უნივერსიტეტის ბიბლიოთეკა

საჯარო მართვა:მოქმედების კურსი (ბიბ.ჩანაწერი № 43823)

000 -LEADER
fixed length control field 01471nam a2200265Ia 4500
001 - CONTROL NUMBER
control field 10568
003 - CONTROL NUMBER IDENTIFIER
control field GE_BSU
008 - FIXED-LENGTH DATA ELEMENTS--GENERAL INFORMATION
fixed length control field 181216s||||||||xx |||||||||||||| ||und||
020 ## - INTERNATIONAL STANDARD BOOK NUMBER
International Standard Book Number 9789941180996
040 ## - CATALOGING SOURCE
Transcribing agency GE_BSU
080 ## - UNIVERSAL DECIMAL CLASSIFICATION NUMBER
Universal Decimal Classification number 316.32 + 005.91 + 352 + 35.08 + 336.14 + 005.95/96
100 ## - MAIN ENTRY--PERSONAL NAME
Personal name დენჰარტი,რობერტ ბ.; ჯენეტ ვ.დენჰარტი
245 ## - TITLE STATEMENT
Title საჯარო მართვა:მოქმედების კურსი
245 ## - TITLE STATEMENT
Statement of responsibility, etc. მთარგმნ. ნინო კვირკველია; რედ.: ნინო ჭიაბრიშვილი, ეკატერინე მახარაშვილი.სამეცნ.რედ. არჩილ აბაშიძე
260 ## - PUBLICATION, DISTRIBUTION, ETC.
Place of publication, distribution, etc. თბილისი
260 ## - PUBLICATION, DISTRIBUTION, ETC.
Name of publisher, distributor, etc. ილიას სახელმწიფო უნ-ტი
260 ## - PUBLICATION, DISTRIBUTION, ETC.
Date of publication, distribution, etc. 2012
300 ## - PHYSICAL DESCRIPTION
Extent 706გვ.;22სმ.
300 ## - PHYSICAL DESCRIPTION
Accompanying material გლოსარიუმი: გვ. 675-686.ინდექსი: გვ. 687-706.ქეისების დანართი: გვ. 632-674.
653 ## - INDEX TERM--UNCONTROLLED
Uncontrolled term ადმინისტრაციული ორგანიზაციები;
653 ## - INDEX TERM--UNCONTROLLED
Uncontrolled term პერსონალის მართვა
653 ## - INDEX TERM--UNCONTROLLED
Uncontrolled term პიროვნების როლი საჯარო ორგანიზაციებში; საჯარო მართვა;
942 ## - ADDED ENTRY ELEMENTS (KOHA)
Koha item type წიგნი
ეგზემპლარები
Withdrawn status Lost status Damaged status Not for loan Date acquired Barcode Date last seen Price effective from Koha item type Public note
        2018-12-17 34436 2018-12-17 2018-12-17 წიგნი  
        2018-12-17 34437 2018-12-17 2018-12-17 წიგნი  
        2018-12-17 34438 2018-12-17 2018-12-17 წიგნი  
        2018-12-17 46684 19ლ.50თ 2018-12-17 2018-12-17 წიგნი 19ლ.50თ
        2018-12-17 46685 19ლ.50თ 2018-12-17 2018-12-17 წიგნი 19ლ.50თ